000 01014cam a22003137a 4500
003 CHAP
005 20220329142341.0
008 000907d mx r 00110 esp d
010 _a82182
011 _a83154
020 _a9686628241
035 _a93664
040 _cCHAP
082 0 4 _a001.6424
_bG62
100 0 0 _aGómez García, Daniel.
_949705
245 1 0 _aUtilerías para Turbo Pascal
_c/por Daniel Gómez García
260 _aSaltillo, Coah. :
_bUniversidad Autónoma de Coahuila,
_c1999.
300 _a265 p.
_e+ un diskette de 3.5
590 _aBATCH-UPD
_b10
_c20130110
_lUCH01
_h0633
590 _aBATCH-UPD
_b10
_c20130410
_lUCH01
_h0317
590 _aBATCH-UPD
_b10
_c20130914
_lUCH01
_h1549
590 _aCONVERSION
_b10
_c20130109
_lUCH01
_h1346
650 1 4 _aLenguajes de programación.
_965989
650 1 4 _aTurbo Pascal (Programación)
_9115591
901 _aBK
905 _aMayto Villalobos S.
942 _cLIBRO
949 _a001.6424 G62
_bBC
_cLIBRO
_d33724000793790
_eLIBRO
_h98431
_i93664
_si
999 _c82182
_d82182